The Leader Within: (Record no. 14885)

000 -LEADER
fixed length control field 00782nam a22002177a 4500
008 - FIXED-LENGTH DATA ELEMENTS--GENERAL INFORMATION
fixed length control field 161010b xxu||||| |||| 00| 0 eng d
020 ## - INTERNATIONAL STANDARD BOOK NUMBER
International Standard Book Number 0131470256
050 ## - LIBRARY OF CONGRESS CALL NUMBER
Classification number HD 57.7 L4187 2004
100 ## - MAIN ENTRY--PERSONAL NAME
Personal name Zigarmi, Drea
245 ## - TITLE STATEMENT
Title The Leader Within:
Remainder of title learning enough about yourself to lead others/
Statement of responsibility, etc. Drea Zigarme, Ken Blanchard, Michael O'Connor, and Carl Edeburn
260 ## - PUBLICATION, DISTRIBUTION, ETC. (IMPRINT)
Place of publication, distribution, etc. Upper Saddle River, New Jersey:
Name of publisher, distributor, etc. Pearson,
Date of publication, distribution, etc. 2004
300 ## - PHYSICAL DESCRIPTION
Extent xxi,264p. :
Other physical details ill. ;
500 ## - GENERAL NOTE
General note Includes bibliographical references and index.
650 ## - SUBJECT ADDED ENTRY--TOPICAL TERM
Topical term or geographic name as entry element Leadership
650 ## - SUBJECT ADDED ENTRY--TOPICAL TERM
Topical term or geographic name as entry element Self-perception
650 ## - SUBJECT ADDED ENTRY--TOPICAL TERM
Topical term or geographic name as entry element Self-actualization (Psychology)
700 ## - ADDED ENTRY--PERSONAL NAME
Personal name Blanchard, Ken
700 ## - ADDED ENTRY--PERSONAL NAME
Personal name O'Connor, Michael
700 ## - ADDED ENTRY--PERSONAL NAME
Personal name Edeburn, Carl
942 ## - ADDED ENTRY ELEMENTS (KOHA)
Source of classification or shelving scheme
Koha item type Hard Covered Materials
Classification part HD 57.7 L4187 2004
Holdings
Withdrawn status Lost status Source of classification or shelving scheme Damaged status Not for loan Home library Current library Shelving location Date acquired Source of acquisition Total Checkouts Full call number Barcode Date last seen Date last checked out Price effective from Koha item type
          MACHAKOS UNIVERSITY LIBRARY MACHAKOS UNIVERSITY LIBRARY Open shelf 10/10/2016 Donation (BFA) 1 HD 57.7 L4187 2004 21364 30/09/2019 16/09/2019 10/10/2016 Hard Covered Materials
© Machakos University Library, Along The Highway, Machakos Wote Rd, Machakos, Kenya P.O. Box 136 - 90100 Machakos - Kenya

Tel: ( +254 ) 723 805829 OR Fax : 044-20353 OR Email: library@mksu.ac.ke